| Record ID | ia:gatesofivory00drab |
| Source | Internet Archive |
| Download MARC XML | https://archive.org/download/gatesofivory00drab/gatesofivory00drab_marc.xml |
| Download MARC binary | https://www.archive.org/download/gatesofivory00drab/gatesofivory00drab_meta.mrc |
LEADER: 00710cam a2200241 a 4500
001 267455
005 20000526134512.0
008 911031r1992uuuunyu b 000 1 eng
010 $a 91039421 $o24846556
035 $9ADH-0868
040 $aDLC$cDLC$dOCL$dXIM
020 $a0670842702 :$c$22.00
050 00 $aPR6054.R25$bG38 1992
082 00 $a823/.914$220
049 $aXIMM
100 1 $aDrabble, Margaret,$d1939-
245 14 $aThe gates of ivory /$cMargaret Drabble.
250 $a1st American ed.
260 $aNew York, N.Y., U.S.A. :$bViking,$c1992.
300 $a463, [1] p. ;$c24 cm.
504 $aIncludes bibliographical references (p. 463-[464]).
655 7 $aAdventure stories.$2gsafd
994 $aE0$bXIM